Statystyki dla Zgadnij co to za owoce i warzywa quiz

Kliknij tutaj aby rozwiązać quiz!

Ogólne statystyki

  • Ten quiz został rozwiązany 236 razy
    (199 od ostatniego zresetowania)
  • Średni wynik to 21 z 23

Statystyki odpowiedzi

Odpowiedź% Poprawnych
jabłko
99%
ananas
98%
arbuz
98%
banan
98%
gruszka
98%
kiwi
98%
kokos
98%
pomarańcza
97%
truskawka
97%
awokado
93%
pomidor
90%
cytryna
89%
marchewka
89%
ogórek
88%
sałata
87%
ziemniak
85%
kapusta
84%
maliny
84%
mango
84%
czereśnie
81%
jagody
77%
burak
75%
dragonfruit {smoczy owoc}
75%

Rozkład punktacji

Percentyl według liczby udzielonych odpowiedzi

Procent ludzi z każdym wynikiem

Twoja historia wyników

Nie rozwiązałeś tego quizu od ostatniego zresetowania